Les pays dont le nom ne contient pas de E - Statistiques

Statistiques générales
  • Ce quiz a été pris 1 113 fois
    1 044 depuis la dernière actualisation
  • Le résultat moyen est 48 sur 64
Statistiques - réponses
Nom du pays % Correct
21 Japon
94%
8 Canada
92%
31 Maroc
90%
44 Portugal
90%
19 Irak
89%
20 Iran
89%
9 Chili
87%
62 Uruguay
85%
64 Vatican
85%
1 Afghanistan
84%
11 Cuba
83%
26 Laos
83%
30 Mali
83%
42 Paraguay
83%
59 Togo
83%
15 Ghana
82%
39 Pakistan
82%
45 Qatar
82%
52 Soudan
82%
25 Kosovo
81%
28 Madagascar
81%
37 Oman
81%
41 Panama
81%
33 Monaco
80%
18 Honduras
79%
27 Liban
79%
13 Fidji
78%
2 Angola
77%
46 Rwanda
77%
16 Guyana
76%
17 Haïti
76%
43 Pays-Bas
76%
53 Soudan du Sud
76%
60 Tonga
76%
10 Costa Rica
75%
12 Djibouti
75%
36 Nicaragua
74%
56 Tadjikistan
74%
7 Burundi
73%
14 Gabon
73%
38 Ouganda
73%
47 Saint-Marin
73%
54 Sri Lanka
73%
58 Tchad
73%
63 Vanuatu
73%
4 Bhoutan
72%
50 Samoa
71%
29 Malawi
70%
61 Tuvalu
70%
3 Bahamas
69%
22 Kazakhstan
69%
40 Palaos
69%
49 Salvador
69%
57 Taïwan
69%
23 Kirghizistan
68%
5 Botswana
67%
6 Burkina Faso
66%
24 Kiribati
66%
35 Nauru
66%
51 Singapour
65%
48 Salomon
58%
32 Marshall
53%
55 Swaziland
45%
34 Myanmar
25%
Aucun quiz correspondant
Distribution des résultats
% des personnes avec chaque résultat
Percentile par nombre de réponses
Votre historique - résultats
Vous n’avez pas pris ce quiz depuis la dernière actualisation